Catholic University of Zimbabwe Library
Online Public Access Catalogue
(OPAC)

thN Lng Folk 2go: Investigating Future Premoderns™ (Record no. 26950)

MARC details
000 -LEADER
fixed length control field 03462cam a22004934a 4500
001 - CONTROL NUMBER
control field muse87135
003 - CONTROL NUMBER IDENTIFIER
control field MdBmJHUP
005 - DATE AND TIME OF LATEST TRANSACTION
control field 20210127151750.0
006 - FIXED-LENGTH DATA ELEMENTS--ADDITIONAL MATERIAL CHARACTERISTICS
fixed length control field m o d
007 - PHYSICAL DESCRIPTION FIXED FIELD--GENERAL INFORMATION
fixed length control field cr||||||||nn|n
008 - FIXED-LENGTH DATA ELEMENTS--GENERAL INFORMATION
fixed length control field 200723r20202013nyu o 00 0 eng d
020 ## - INTERNATIONAL STANDARD BOOK NUMBER
International Standard Book Number 9780615890258
035 ## - SYSTEM CONTROL NUMBER
System control number (OCoLC)1178543279
040 ## - CATALOGING SOURCE
Original cataloging agency MdBmJHUP
Transcribing agency MdBmJHUP
050 #4 - LIBRARY OF CONGRESS CALL NUMBER
Classification number CB353
Item number .C668 2013
245 10 - TITLE STATEMENT
Title thN Lng Folk 2go: Investigating Future Premoderns™
Statement of responsibility, etc. the Confraternity of Neoflagellants.
264 #1 - PRODUCTION, PUBLICATION, DISTRIBUTION, MANUFACTURE, AND COPYRIGHT NOTICE
Name of producer, publisher, distributor, manufacturer Project Muse,
264 #3 - PRODUCTION, PUBLICATION, DISTRIBUTION, MANUFACTURE, AND COPYRIGHT NOTICE
Name of producer, publisher, distributor, manufacturer Project MUSE,
300 ## - PHYSICAL DESCRIPTION
Extent 1 online resource (viii, 225 pages) :
Other physical details illustrations
500 ## - GENERAL NOTE
General note "The Confraternity of Neoflagellants [Norman Hogg and Neil Mulholland]"--Title page verso.
500 ## - GENERAL NOTE
General note Issued as part of book collections on Project MUSE.
504 ## - BIBLIOGRAPHY, ETC. NOTE
Bibliography, etc. note Includes bibliographical references.
506 0# - RESTRICTIONS ON ACCESS NOTE
Terms governing access Open Access
Standardized terminology for access restriction Unrestricted online access
Source of term star
520 ## - SUMMARY, ETC.
Summary, etc. Neomedievalisms are cultural practices that breathe a bouquet of premoderns as permanent rehearsals of coming events. Where medievalists may be prone to police the post-medieval weald for 'inauthentic' medievalisms, neomedievalists embrace the articulation and mobilisation of metahistorical 'anachronisms'. To the medievalist, medievalisms provide powerful indexes that reveal how post-medieval societies have variously imagined 'little middle ages' to suit modern agendas. To the neomedievalist, medievalisms are theory-fictions that facilitate ludic speculation on non-modern futurities. While neomedievalist theories have emerged in a variety of fields since the early 1970s -- notably in cultural studies of medievalisms, international relations and literary theory -- there are few applications that synthesise and put the methodologies of these diverse fields into practice. thN Lng folk 2go applies this extant scholarship as an extradisciplinary practice, dramatising the neomedieval turn in (quasi)objects, persons, work, education, travel, food, ethnicity, media, art, hypereconomics and technology. This speculative journey is ghost authored by a trinity of neomedievalist narrators -- Journeyman, Anchorite and Host -- each relic-ing their own curious neomedieval futurities. Drawing its heterogeneous approaches from studies in medievalisms, international relations, literary theory, actor-network theory, anthropology, hypereconomics, art history, aesthetics, ecology, cultural theory, cultural geography, ambience, speculative realism and future studies -- thN Lng folk 2go is both an investigation of and a benefaction to a murmuration of neomedievalisms.
588 ## - SOURCE OF DESCRIPTION NOTE
Source of description note Description based on print version record.
600 11 - SUBJECT ADDED ENTRY--PERSONAL NAME
Personal name Bull, Hedley.
Title of a work Anarchical society.
650 #0 - SUBJECT ADDED ENTRY--TOPICAL TERM
Topical term or geographic name entry element Popular culture.
650 #0 - SUBJECT ADDED ENTRY--TOPICAL TERM
Topical term or geographic name entry element International relations.
650 #0 - SUBJECT ADDED ENTRY--TOPICAL TERM
Topical term or geographic name entry element Medievalism
General subdivision Political aspects.
650 #0 - SUBJECT ADDED ENTRY--TOPICAL TERM
Topical term or geographic name entry element Medievalism.
655 #0 - INDEX TERM--GENRE/FORM
Genre/form data or focus term Electronic books.
655 #7 - INDEX TERM--GENRE/FORM
Genre/form data or focus term Electronic books.
Source of term local
700 1# - ADDED ENTRY--PERSONAL NAME
Personal name Mulholland, Neil,
Relator term author.
700 1# - ADDED ENTRY--PERSONAL NAME
Personal name Hogg, Norman,
Relator term author.
710 2# - ADDED ENTRY--CORPORATE NAME
Corporate name or jurisdiction name as entry element Project Muse,
Relator term distributor.
776 18 - ADDITIONAL PHYSICAL FORM ENTRY
Relationship information Print version:
International Standard Book Number 9780615890258
710 2# - ADDED ENTRY--CORPORATE NAME
Corporate name or jurisdiction name as entry element Project Muse.
Relator term distributor
830 #0 - SERIES ADDED ENTRY--UNIFORM TITLE
Uniform title Book collections on Project MUSE.
856 40 - ELECTRONIC LOCATION AND ACCESS
Public note Full text available:
Uniform Resource Identifier <a href="https://muse.jhu.edu/book/76453/">https://muse.jhu.edu/book/76453/</a>
Holdings
Withdrawn status Lost status Source of classification or shelving scheme Damaged status Not for loan Home library Current library Shelving location Date acquired Total Checkouts Full call number Date last seen Uniform Resource Identifier Price effective from Koha item type
          Digital Library Digital Library Online Access 27.01.2021   CB353 .C668 2013 27.01.2021 https://muse.jhu.edu/book/76453/ 27.01.2021 eBook

OPENING HOURS

Weekdays: 0815hrs - 1800hrs
Weekends:0900hrs - 1200hrs

Closed for Mass:

Mon, Thur: 1200hrs - 1300hrs
Sunday & Public Holiday’s

CALL SUPPORT

0242-570570, 0242-570169
09200664, +263 8644140602

LOCATION

18443, Cranborne Avenue, Hatfield, Harare

Other Links


©2021 | CUZ Library